000 00366nam a2200133Ia 4500
005 20260326100045.0
008 260326s9999||||xx |||||||||||||| ||und||
100 _aGasparini, Graziano
245 0 _aLa Casa Colonial venezolana /
_cGraziano Gasparini
260 _bUniversidad Central de Venezuela
300 _a187 p.
650 _aARQUITECTURA COLONIAL
942 _cBK
999 _c7164
_d7164